000
00451nac a22001331u 4500
082
_a
621.384
_b
G9775
090
_c
78
_d
78
100
_a
Gupta, M.L.
245
_a
Electronics and radio engineering
260
_a
New Delhi
_b
Dhanpat Rai
_c
1993
650
_a
Electronics
942
_c
BB
_k
621.384G9775
999
_c
78
_d
78